000 00595nam a2200253Ia 4500
005 20260121160707.0
008 008 260114s9999 xx 000 0 eng d
020 _a9781315549392
037 _aEBOOK
040 _aCRL
040 _beng
040 _cCRL
041 _2eng
041 _aeng
084 _qCRL
100 _a Melanie E. Kreye
_91035121
245 0 _aUncertainty and Behaviour
260 _bTaylor and Francis
260 _c2016
856 _uhttp://www.taylorfrancis.com/books/9781315549392
942 _cEBOOK
999 _c1601937
_d1601937